La politique scolaire francaise sous les deux présidences de Francois Mitterrand : la méthode réformatrice et ses conséquences /

Este artículo analiza las políticas educacionales durante los siete años del gobierno de François Mitterrand. Sostiene la tesis de que, si bien era un gobierno de izquierda, la actuación política camina en una línea de reformas más que de cambios de naturaleza revolucionaria. Bajo esa perspectiva, e...

Descripción completa

Detalles Bibliográficos
Autor principal: Nique, Christian
Formato: Analitica de revista
Lenguaje:español
Publicado: Santiago, Chile Pontificia Universidad Católica de Chile 1995

MARC

LEADER 00000cab a2200000 a 4500
001 036388
003 UAHC_CL
005 20170803124001.0
008 030922s1994 cl f 000 spa
040 |a UAHC_CL  |c UAHC_CL  |d UAHC_CL 
100 1 |a Nique, Christian 
245 1 3 |a La politique scolaire francaise sous les deux présidences de Francois Mitterrand :  |b la méthode réformatrice et ses conséquences /  |c Christian Nique. 
260 |b Pontificia Universidad Católica de Chile  |c 1995  |a Santiago, Chile 
300 |a p. 191-205 
500 |a En: Pensamiento educativo, nû17, 1995. p. 191-205. ISSN 07171013. 
500 |a En: Pensamiento educativo, n°17, 1995. p. 191-205. ISSN 07171013. 
500 |a En: Pensamiento educativo, nç17, 1995. p. 191-205. ISSN 07171013. 
520 |a Este artículo analiza las políticas educacionales durante los siete años del gobierno de François Mitterrand. Sostiene la tesis de que, si bien era un gobierno de izquierda, la actuación política camina en una línea de reformas más que de cambios de naturaleza revolucionaria. Bajo esa perspectiva, estudia los dos campos más importantes de acción gubernamental: por una parte, la renovación y consolidación del servicio público de la educación nacional y, por otra, el desarrollo de la educación privada. Ambos aspectos constituyen, a juicio del autor, los puntos cruciales y más característicos de la opción y el camino adoptado. 
520 |a Este artículo analiza las políticas educacionales durante los siete años del gobierno de François Mitterrand. Sostiene la tesis de que, si bien era un gobierno de izquierda, la actuación política camina en una línea de reformas más que de cambios de naturaleza revolucionaria. Bajo esa perspectiva, estudia los dos campos más importantes de acción gubernamental: por una parte, la renovación y consolidación del servicio público de la educación nacional y, por otra, el desarrollo de la educación privada. Ambos aspectos constituyen, a juicio del autor, los puntos cruciales y más característicos de la opción y el camino adoptado. 
520 |a Este artÌculo analiza las polÌticas educacionales durante los siete aÒos del gobierno de FranÁois Mitterrand. Sostiene la tesis de que, si bien era un gobierno de izquierda, la actuaciÛn polÌtica camina en una lÌnea de reformas m·s que de cambios de naturaleza revolucionaria. Bajo esa perspectiva, estudia los dos campos m·s importantes de acciÛn gubernamental: por una parte, la renovaciÛn y consolidaciÛn del servicio público de la educaciÛn nacional y, por otra, el desarrollo de la educaciÛn privada. Ambos aspectos constituyen, a juicio del autor, los puntos cruciales y m·s caracterÌsticos de la opciÛn y el camino adoptado. 
759 |a PP160 
773 0 |t Revista PRELAC  |w 041234 
900 |a PENSAMIENTO EDUCATIVO-17/95 
942 |c REVA 
952 |0 0  |1 0  |4 0  |6 PENSAMIENTO_EDUCATIVO17_95_000000000000000  |7 0  |8 General  |9 69109  |a BC  |b BC  |c General  |d 2017-08-03  |l 0  |o PENSAMIENTO EDUCATIVO-17/95  |p FICTICIO4784  |r 2019-01-08 00:00:00  |t 1  |w 2017-08-03  |y REVA 
999 |c 36388  |d 36388